[Event "HZ Open"]
[Site "Vlissingen NED"]
[Date "2007.08.05"]
[Round "3"]
[White "Van den Berg,Ad"]
[Black "Van Lankveld,W"]
[Result "1-0"]
[WhiteElo "2197"]
[BlackElo "2031"]

1.e4 c5 2.Nc3 Nc6 3.Nge2 g6 4.d4 cxd4 5.Nxd4 Bg7 6.Be3 Nf6 7.Be2 O-O 8.f4 d6
9.Nb3 a5 10.a3 a4 11.Nc1 Bd7 12.g4 Qa5 13.O-O Bc8 14.Nd3 Nd7 15.Nd5 e6 16.N5b4 Nd4
17.Bf3 Nxf3+ 18.Qxf3 Nc5 19.f5 Nxd3 20.Nxd3 f6 21.Rad1 Bd7 22.Nb4 Qc7 23.Qf4 e5
24.Qf2 Bc6 25.Nd5 Bxd5 26.Rxd5 Qc4 27.Qg2 Rac8 28.c3 Rc6 29.Rfd1 Rd8 30.g5 Kf7
31.gxf6 Bxf6 32.fxg6+ hxg6 33.Rf1 Kg7 34.Rxf6  1-0

[Event "Open"]
[Site "Dubna RUS"]
[Date "2007.08.06"]
[Round "5"]
[White "Okrugin,S"]
[Black "Burkov,G"]
[Result "1-0"]
[WhiteElo "2355"]
[BlackElo "2149"]

1.e4 c5 2.Nc3 Nc6 3.Bb5 g6 4.Bxc6 bxc6 5.d4 cxd4 6.Qxd4 f6 7.Be3 Nh6 8.h3 Nf7
9.Nge2 Bg7 10.O-O O-O 11.Rad1 Qa5 12.Qd2 Re8 13.Rfe1 Ne5 14.b3 Nf7 15.a4 Qc7
16.Nb1 e5 17.Bc5 d5 18.Nbc3 d4 19.Nb1 Bh6 20.Qd3 Qa5 21.Ba3 Ba6 22.Qf3 c5
23.Bc1 Bxc1 24.Nxc1 c4 25.c3 Rad8 26.cxd4 exd4 27.bxc4 Bxc4 28.Qa3 Rd7 29.Nb3 Bxb3
30.Qxb3 Red8 31.Nd2 Kg7 32.f4 d3 33.e5 Qc5+ 34.Kh1 fxe5 35.fxe5 Re7 36.Nf3 Qc2
37.Qb4 Rde8 38.Qd4 Rd8 39.Qf4 Rde8 40.Nd4 Qc5 41.Qf6+ Kg8 42.e6 Nd8 43.Rxd3 Qc4
44.Nf5 gxf5 45.Rg3+ Qg4 46.hxg4 f4 47.Rd3 Nxe6 48.Rd5  1-0

[Event "Open"]
[Site "Dubna RUS"]
[Date "2007.08.06"]
[Round "5"]
[White "Pospelov,S"]
[Black "Turutin,A"]
[Result "0-1"]
[WhiteElo "2078"]
[BlackElo "2331"]

1.e4 c5 2.Nc3 Nc6 3.Bb5 d6 4.Bxc6+ bxc6 5.f4 g6 6.Nf3 Bg7 7.O-O Nh6 8.d3 O-O
9.h3 Rb8 10.Qe1 e6 11.Rb1 Qa5 12.Bd2 c4 13.dxc4 Qc5+ 14.Kh1 Qxc4 15.b3 Qc5
16.Rc1 Ba6 17.Rg1 d5 18.Na4 Qe7 19.exd5 cxd5 20.Be3 Rfc8 21.g4 d4 22.Nxd4 Bb7+
23.Kh2 e5 24.Ne2 Re8 25.f5 gxf5 26.Bxh6 Bxh6 27.gxf5+ Kh8 28.Rd1 Rg8 29.Qf2 Qc7
30.Ng3 Bf4 31.Nb2 Rxg3 32.Rxg3 Rg8 33.Rg1 Rxg3 34.Rxg3 Qc6  0-1

[Event "94th ch-GBR"]
[Site "Great Yarmouth ENG"]
[Date "2007.08.06"]
[Round "7"]
[White "Rendle,T"]
[Black "Briscoe,C"]
[Result "1/2-1/2"]
[WhiteElo "2416"]
[BlackElo "2224"]

1.e4 c5 2.Nc3 Nc6 3.Bb5 Nd4 4.Bc4 e6 5.Nge2 Ne7 6.Nxd4 cxd4 7.Ne2 Nc6 8.d3 b5
9.Bb3 Bc5 10.a3 O-O 11.O-O Kh8 12.Ng3 Bb7 13.Qh5 Qe7 14.Bd2 g6 15.Qh3 f5
16.Bh6 Rg8 17.f4 Qf7 18.Rae1 Bf8 19.Ne2 Rc8 20.Kh1 a5 21.a4 bxa4 22.Bxa4 Bxh6
23.Qxh6 fxe4 24.dxe4 Ba6 25.Rf3 Bxe2 26.Rxe2 d3 27.Rxd3 g5 28.f5 Ne5 29.Rd1 exf5
30.exf5 Qxf5 31.Qd6 Nc6 32.h3 g4 33.Qxd7 Rcd8 34.Bxc6 Rxd7 35.Bxd7 Qf6 36.Bxg4 Qxb2
37.Rd7 Qf6 38.Ree7 Rb8 39.Rxh7+ Kg8 40.Rb7 Qf1+ 41.Kh2 Qf4+ 42.Kh1 Rxb7 43.Rxb7 Qf1+
44.Kh2 Qa6 45.Rd7 Kf8 46.Rd3 Ke7 47.Bf3 Qc4 48.Bd5 Qxc2 49.Re3+ Kf6 50.Rf3+ Ke5
51.Bb3 Qc6 52.Kh1 a4 53.Bxa4 Qxa4 54.Kh2 Qd4 55.Kh1 Ke4 56.Kh2 Qd6+ 57.Kh1 Qd1+
58.Kh2 Qa1 59.Rb3 Qe5+ 60.Kh1 Kf4 61.Rf3+ Kg5 62.Kg1 Qe1+ 63.Kh2 Qc1 64.Rg3+ Kh5
65.Rf3 Kh4 66.Rd3 Qc7+ 67.Kh1 Qc2 68.Rf3 Qc1+ 69.Kh2 Qd1 70.Rf4+ Kg5 71.Rf3 Qb1
72.Rg3+ Kh4 73.Rf3 Qd1  1/2-1/2

[Event "12th WY U16 Ol"]
[Site "Singapore SIN"]
[Date "2007.08.06"]
[Round "2"]
[White "Adhiban,B"]
[Black "Sukandar,I"]
[Result "1-0"]
[WhiteElo "2406"]
[BlackElo "2259"]

1.e4 c5 2.Nc3 Nc6 3.Bb5 g6 4.Bxc6 dxc6 5.d3 Bg7 6.Be3 b6 7.Qd2 e5 8.Nge2 Be6
9.a3 Qc7 10.f4 Nf6 11.h3 Nd7 12.O-O O-O-O 13.f5 gxf5 14.exf5 Bd5 15.Ng3 c4
16.Qe2 cxd3 17.cxd3 Kb8 18.Rac1 Qb7 19.Bg5 Rdg8 20.Nge4 f6 21.Nxd5 cxd5 22.Nxf6 Bf8
23.Nxg8 Rxg8 24.Be3 Bd6 25.f6 Rf8 26.f7 Nc5 27.b4 Ne6 28.Qg4 Qe7 29.Bh6  1-0

[Event "KRK WGM"]
[Site "Dobrinj CRO"]
[Date "2007.08.07"]
[Round "4"]
[White "Voicu,C"]
[Black "Kashlinskaya,A"]
[Result "1/2-1/2"]
[WhiteElo "2335"]
[BlackElo "2201"]

1.e4 c5 2.Nf3 Nc6 3.Nc3 e5 4.Bc4 Be7 5.d3 d6 6.Nd2 Nf6 7.Nf1 Bg4 8.f3 Be6
9.Ne3 O-O 10.O-O a6 11.a4 Rb8 12.f4 exf4 13.Rxf4 Ne5 14.Rf1 Nfd7 15.Ncd5 b5
16.axb5 axb5 17.Bb3 Bg5 18.Nf5 Bxc1 19.Nfe7+ Kh8 20.Qxc1 c4 21.d4 Bxd5 22.Nxd5 Nc6
23.Ba2 Nxd4 24.Qd1 Ne6 25.b3 Ne5 26.Qe2 Rc8 27.bxc4 bxc4 28.c3 Qa5 29.Kh1 Qc5
30.Rf5 Nc7 31.Ne3 Nb5 32.Nd5 Qa3 33.Rh5 g6 34.Nf6 Kg7 35.Rf1 gxh5 36.Qxh5 h6
37.Qf5 Ng6 38.Nh5+ Kh7 39.Nf6+ Kh8 40.Qh3 Kg7  1/2-1/2

[Event "Open"]
[Site "Dubna RUS"]
[Date "2007.08.07"]
[Round "7"]
[White "Veselov,A"]
[Black "Kolmakov,P"]
[Result "1-0"]
[WhiteElo "2031"]
[BlackElo "2216"]

1.e4 c5 2.Nf3 Nc6 3.Nc3 d6 4.d4 cxd4 5.Nxd4 g6 6.Bc4 Bg7 7.Be3 Nf6 8.O-O Ng4
9.Nxc6 bxc6 10.Bg5 h6 11.Bh4 O-O 12.h3 Ne5 13.Bb3 Ba6 14.Re1 g5 15.Bg3 Qb6
16.Qh5 Nc4 17.h4 gxh4 18.Bxh4 Rae8 19.Rad1 Nxb2 20.Rb1 Bxc3 21.e5 Bxe5 22.Rxe5 dxe5
23.Qg6+ Kh8 24.Qxh6+ Kg8 25.Re1 c5 26.Qh5 c4 27.Rxe5 cxb3 28.Rg5+ Qg6 29.Rxg6+ fxg6
30.Qxg6+ Kh8 31.Qxa6 bxc2 32.Qh6+ Kg8 33.Qg6+ Kh8 34.Qxc2 Rb8 35.Bxe7 Rf7
36.Bd6 Rb6 37.Be5+ Kg8 38.Bxb2 Rfb7 39.Qc8+ Kh7 40.Bd4 Rb5 41.a4  1-0

[Event "Proclient Cup IMA"]
[Site "Olomouc CZE"]
[Date "2007.08.07"]
[Round "9"]
[White "Musil,Vi"]
[Black "Krupa,M"]
[Result "0-1"]
[WhiteElo "2082"]
[BlackElo "2258"]

1.e4 c5 2.Nf3 Nc6 3.Nc3 Nf6 4.d3 d5 5.exd5 Nxd5 6.Bd2 g6 7.Be2 Bg7 8.O-O O-O
9.Rb1 e5 10.Qc1 Nd4 11.Nxd4 cxd4 12.Nxd5 Qxd5 13.Bf3 Qxa2 14.Bh6 Qe6 15.c4 dxc3
16.bxc3 Rb8 17.c4 b6 18.Bxg7 Kxg7 19.Bd5 Qd6 20.f4 Bf5 21.Qc3 Qc5+ 22.Kh1 Qd4
23.Qa3 Bxd3 24.Rbd1 e4 25.Rfe1 Qf6 26.Bxe4 Bxc4 27.f5 Rbd8 28.fxg6 hxg6 29.Rc1 b5
30.Qxa7 Rd2 31.Bf3 Rfd8 32.Qa5 R8d3 33.Be2 Qf2 34.Qa1+ Kh7 35.Qe5 Re3  0-1

[Event "Ave-Kontakt Cup IMC"]
[Site "Olomouc CZE"]
[Date "2007.08.07"]
[Round "9"]
[White "Blazkova,P"]
[Black "Salai,L"]
[Result "1/2-1/2"]
[WhiteElo "2255"]
[BlackElo "2378"]

1.e4 c5 2.Nc3 Nc6 3.Bb5 e6 4.Bxc6 bxc6 5.f4 d5 6.d3 Nf6 7.e5 Nd7 8.Nf3 Be7
9.O-O O-O 10.Qe1 Qe8 11.f5 exf5 12.e6 Nb8 13.exf7+ Qxf7 14.Bf4 Bf6 15.Bd6 Re8
16.Qg3 Na6 17.Rae1 Bd7 18.Ne5 Bxe5 19.Rxe5 Rxe5 20.Bxe5 Re8 21.a3 Bc8 22.Nb1 Qg6
23.Qxg6 hxg6 24.Bf4  1/2-1/2

[Event "12th WY U16 Ol"]
[Site "Singapore SIN"]
[Date "2007.08.07"]
[Round "4"]
[White "Sumant,S"]
[Black "Omarsson,D"]
[Result "0-1"]
[WhiteElo "1964"]
[BlackElo "1951"]

1.e4 c5 2.Nc3 Nc6 3.Nf3 g6 4.d4 cxd4 5.Nxd4 Bg7 6.Be3 Nf6 7.Bc4 O-O 8.f3 d6
9.Qd2 Bd7 10.O-O-O Ne5 11.Bb3 Rc8 12.h4 h5 13.Bg5 Rc5 14.g4 hxg4 15.f4 Nc4
16.Bxc4 Rxc4 17.e5 Nh5 18.Qd3 Rxd4 19.Qxd4 Bc6 20.Rhe1 f6 21.Qd3 fxg5 22.Qxg6 Nxf4
23.Qxg5 Bf3 24.Rd2 d5 25.h5 e6 26.Qxd8 Rxd8 27.Nb5 Ng2 28.Rg1 Bh6  0-1

[Event "12th WY U16 Ol"]
[Site "Singapore SIN"]
[Date "2007.08.07"]
[Round "4"]
[White "Nitin,S"]
[Black "Pak,E"]
[Result "0-1"]
[WhiteElo "2313"]
[BlackElo "2203"]

1.e4 c5 2.Nc3 Nc6 3.Nf3 d6 4.Bc4 Nf6 5.h3 e6 6.d4 cxd4 7.Nxd4 a6 8.O-O Be7
9.Be3 O-O 10.a4 Bd7 11.Be2 Nxd4 12.Bxd4 Bc6 13.Bf3 e5 14.Be3 b5 15.Qd3 b4
16.Nd5 Nxd5 17.exd5 Bd7 18.g4 Qe8 19.Be4 f5 20.gxf5 Qh5 21.f4 Bxf5 22.Bxf5 Rxf5
23.fxe5 Rxe5 24.Bf4 Rxd5 25.Qe4 Qg6+ 26.Qxg6 hxg6 27.Rad1 Rxd1 28.Rxd1 Rd8
29.Rd5 Kf7 30.Bd2 Rb8 31.Rd4 a5 32.Rd5 Ra8 33.c3 Ke6 34.Rb5 bxc3 35.Bxc3 Bf6
36.Bxa5 Bxb2 37.Rxb2 Rxa5 38.Rb4 Rf5 39.Kg2 Rc5 40.h4 g5 41.Rg4 Rc2+ 42.Kf3 gxh4
43.Rxg7 Rc3+ 44.Kg2 Ra3 45.Ra7 Kd5 46.a5 Kc6 47.a6 Kb6  0-1

[Event "12th WY U16 Ol"]
[Site "Singapore SIN"]
[Date "2007.08.07"]
[Round "4"]
[White "Kanmazalp,O"]
[Black "Chua Xing Jian,G"]
[Result "1-0"]
[WhiteElo "2093"]
[BlackElo "2047"]

1.e4 c5 2.Nf3 Nc6 3.Nc3 e5 4.Bc4 Be7 5.d3 d6 6.O-O Nf6 7.Ng5 O-O 8.f4 exf4
9.Bxf4 h6 10.Nf3 Be6 11.Nd5 Bxd5 12.exd5 Nb4 13.Bd2 Nbxd5 14.Nh4 Nb6 15.Nf5 d5
16.Qe1 Bd6 17.Qh4 Ne8 18.Qg4 h5 19.Nh6+ Kh7 20.Qxh5 gxh6 21.Bxh6 Ng7 22.Bxg7+ Kxg7
23.Qg4+  1-0

[Event "HZ Open"]
[Site "Vlissingen NED"]
[Date "2007.08.07"]
[Round "5"]
[White "Sengupta,D"]
[Black "Sprangers,R"]
[Result "1/2-1/2"]
[WhiteElo "2435"]
[BlackElo "2191"]

1.e4 c5 2.Nc3 Nc6 3.Bb5 Nd4 4.Bc4 g6 5.Nf3 Bg7 6.Nxd4 cxd4 7.Qf3 e6 8.Nb5 Be5
9.c3 dxc3 10.d4 Bb8 11.Nxc3 Qf6 12.Qd3 Qg7 13.Be3 Ne7 14.Qd2 h6 15.Rc1 a6
16.a4 d6 17.b4 f5 18.f3 g5 19.d5 f4 20.Bf2 e5 21.b5 axb5 22.axb5 g4 23.b6 O-O
24.Ke2 Ng6 25.Kd3 Bd7 26.Ra1 Rxa1 27.Rxa1 Qe7 28.Kc2 Qd8 29.Bb5 Bxb5 30.Nxb5 Nh4
31.Rg1 Kh7 32.Qe1 Qd7 33.Qb4 Ng6 34.Kd2 gxf3 35.gxf3 Qh3 36.Ke2 Rc8 37.Qb3 Qxh2
38.Na7 Rg8 39.Nc6 Qh3 40.Nxb8 Rxb8 41.Rc1 Ra8 42.Qc3 Ne7 43.Qb2 Kg6 44.Rc7 Qh1
45.Rxb7 Ra1 46.Qxa1 Qxa1 47.Rxe7 Qa6+ 48.Ke1 Qa1+ 49.Ke2 Qa6+  1/2-1/2

[Event "HZ Open"]
[Site "Vlissingen NED"]
[Date "2007.08.07"]
[Round "5"]
[White "Tiviakov,S"]
[Black "Dek,L"]
[Result "1-0"]
[WhiteElo "2648"]
[BlackElo "2207"]

1.e4 c5 2.Nc3 Nc6 3.Bb5 Nd4 4.Bc4 g6 5.Nf3 Bg7 6.Nxd4 cxd4 7.Qf3 e6 8.Nb5 Be5
9.c3 dxc3 10.d4 a6 11.dxe5 axb5 12.Bb3 Qc7 13.O-O Qxe5 14.Bf4 Qg7 15.bxc3 f6
16.Qd3 Ne7 17.Qxb5 O-O 18.Bd6 Rd8 19.f4 Kh8 20.Rad1 Rg8 21.Rf3 Nc6 22.Rg3 Ra5
23.Qe2 Qh6 24.Rf1 Re8 25.Qf2 Nd8 26.Qd4 Qg7 27.f5 Nc6 28.Qd2 Ne5 29.c4 b6
30.fxg6 Nxg6 31.e5 Bb7 32.exf6 Qf7 33.Qc3  1-0

[Event "KRK WGM"]
[Site "Dobrinj CRO"]
[Date "2007.08.08"]
[Round "5"]
[White "Solic,K"]
[Black "Maisuradze,N"]
[Result "0-1"]
[WhiteElo "2154"]
[BlackElo "2231"]

1.e4 c5 2.Nc3 Nc6 3.Nf3 e5 4.Bc4 d6 5.d3 Be7 6.Nd2 Nf6 7.Nf1 Be6 8.Ne3 Qd7
9.O-O h5 10.Ncd5 h4 11.h3 Nh5 12.c3 O-O-O 13.Bb5 Bg5 14.Nc4 Bxc1 15.Ncb6+ axb6
16.Nxb6+ Kc7 17.Nxd7 Bg5 18.Bxc6 bxc6 19.a4 Kxd7 20.a5 Nf4 21.a6 Ra8 22.a7 Bd8
23.Ra6 Ke7 24.Qa4 Bd7 25.Qb3 Bc7 26.Rd1 Bc8 27.Ra3 Rh6 28.Qa4 Kd7 29.b4 cxb4
30.cxb4 Ne6 31.Kh1 Nd4 32.Rc1 Bb7 33.Rac3 Bb6 34.Qd1 Rxa7 35.Qg4+ Ne6 36.R3c2 Ra3
37.Rd1 Rg6 38.Qxh4 Nf4 39.g3 Nxd3 40.Kg2 Nxb4 41.Rcd2 Bd4 42.Qh5 c5 43.Re1 Ke7
44.Rdd1 Nd3 45.Re2 Nf4+  0-1

[Event "Open"]
[Site "Dubna RUS"]
[Date "2007.08.08"]
[Round "8"]
[White "Kuts,V"]
[Black "Mikhailov,St"]
[Result "0-1"]
[WhiteElo "1959"]
[BlackElo "1990"]

1.e4 c5 2.Nc3 Nc6 3.Nf3 Nf6 4.d4 cxd4 5.Nxd4 e5 6.Nf5 d5 7.Ng3 d4 8.Nb1 Bb4+
9.Nd2 O-O 10.a3 Bxd2+ 11.Qxd2 Be6 12.Bd3 Qc7 13.O-O Rac8 14.f4 exf4 15.Rxf4 Ne5
16.Rxf6 gxf6 17.Qh6 Ng4 18.Qh4 Qe5 19.h3 Ne3 20.Nh5 Rc5 21.Nxf6+ Kg7 22.Bxe3 dxe3
23.Ng4 Bxg4 24.Qxg4+ Kh8 25.Rf1 Qxb2 26.Qf4 e2 27.Re1 Qe5 28.Qe3 Ra5 29.Rxe2 Rxa3
30.Re1 Ra1 31.Kf1 Rxe1+ 32.Kxe1 a5 33.Qh6 Rb8 34.Qb6 f5 35.Qe3 fxe4 36.Be2 Re8
37.Bd1 Qc3+ 38.Ke2 Qxe3+ 39.Kxe3 a4 40.Kd2 a3 41.Kc1 b5 42.Kb1 b4 43.g4 e3
44.g5 Rd8 45.Bg4 Rd2 46.Kc1 a2  0-1

[Event "Open"]
[Site "Dubna RUS"]
[Date "2007.08.08"]
[Round "9"]
[White "Pospelov,S"]
[Black "Kolmakov,P"]
[Result "0-1"]
[WhiteElo "2078"]
[BlackElo "2216"]

1.e4 c5 2.Nc3 Nc6 3.Bb5 g6 4.Bxc6 dxc6 5.f4 Bg7 6.Nf3 Nf6 7.d3 O-O 8.O-O Nd7
9.Be3 e5 10.fxe5 Qe7 11.Qd2 Nxe5 12.Bh6 Bd7 13.Qf4 Rae8 14.Nxe5 Qxe5 15.Bxg7 Qxf4
16.Rxf4 Kxg7 17.Raf1 f5 18.h3 g5 19.R4f3 f4 20.Kh2 b5 21.g3 fxg3+ 22.Kxg3 Rxf3+
23.Rxf3 h5 24.Nd1 Bxh3 25.Ne3 Bd7 26.Nf5+ Kg6 27.Nd6 Re6 28.Nf7 Be8 29.Nd8 Rf6
30.Re3 h4+ 31.Kg2 g4 32.e5 Rf4 33.Ne6 Rf5 34.Nxc5 g3 35.Re2 Bf7 36.e6 Rxc5
37.exf7 Kxf7 38.d4 Rf5 39.b3 b4 40.Re4 Rf2+ 41.Kg1 h3 42.Re3 h2+ 43.Kh1 Rf1+  0-1

[Event "XVIII Kochan Mem"]
[Site "Koszalin POL"]
[Date "2007.08.08"]
[Round "4"]
[White "Lapinski,K"]
[Black "Szczukiewicz,A"]
[Result "1-0"]
[WhiteElo "2175"]
[BlackElo "2102"]

1.e4 c5 2.Nc3 Nc6 3.Bb5 Nd4 4.Bc4 g6 5.Nf3 Bg7 6.Nxd4 cxd4 7.Qf3 Nh6 8.Ne2 O-O
9.Bb3 d6 10.d3 Ng4 11.Qg3 a5 12.a4 b5 13.h4 bxa4 14.Bd5 Ra7 15.h5 e6 16.Bc6 Qb6
17.Bxa4 Nf6 18.h6 Bh8 19.O-O Bd7 20.c3 Nh5 21.Qh3 Bxa4 22.Rxa4 Qb5 23.Ra1 e5
24.c4 Qb3 25.f4 Qc2 26.Rf2 Qd1+ 27.Kh2 exf4 28.b4 Ng3 29.Bxf4 Qxa1 30.Qxg3 axb4
31.Bxd6 b3 32.Bxf8 b2 33.Bb4 Qh1+ 34.Kxh1 b1=Q+ 35.Kh2 Qxb4 36.Qg5 Qd6+ 37.g3 Be5
38.Nf4 f6 39.Qg4 g5 40.Nd5 Rf7 41.Kg2 Qf8 42.Qe6 Qxh6 43.Ne7+ Kf8 44.Nf5  1-0

[Event "ch-Euro Rapid Women"]
[Site "Predeal ROM"]
[Date "2007.08.08"]
[Round "1"]
[White "Baciu,D"]
[Black "Voiska,M"]
[Result "0-1"]
[WhiteElo "2048"]
[BlackElo "2314"]

1.e4 c5 2.Nc3 Nc6 3.Bb5 g6 4.Bxc6 dxc6 5.d3 Bg7 6.Be3 b6 7.Qd2 h6 8.Nge2 e5
9.f4 exf4 10.Bxf4 Ne7 11.O-O g5 12.Be3 O-O 13.Ng3 f5 14.exf5 Nxf5 15.Nxf5 Bxf5
16.h4 Bd4 17.Rae1 Qd6 18.hxg5 hxg5 19.Bxd4 Qxd4+ 20.Qe3 Bg6 21.Qxd4 cxd4
22.Ne4 Rxf1+ 23.Kxf1 Rf8+ 24.Kg1 Rf5 25.Ng3 Rc5 26.Re2 Kf7 27.Rf2+ Ke6 28.Re2+ Re5
29.Kf2 Rxe2+ 30.Nxe2 c5 31.Ng3 Ke5 32.Kf3 c4 33.dxc4 Bxc2 34.b4 Bd1+ 35.Kf2 Bg4
36.Ke1  0-1

[Event "ch-Euro Rapid Women"]
[Site "Predeal ROM"]
[Date "2007.08.08"]
[Round "1"]
[White "Paulet,I"]
[Black "Vetrila,S"]
[Result "1-0"]
[WhiteElo "2241"]
[BlackElo "1999"]

1.e4 c5 2.Nc3 Nc6 3.Bb5 Nd4 4.Bc4 e6 5.Nf3 a6 6.d3 Nf6 7.O-O d5 8.exd5 exd5
9.Nxd5 Nxd5 10.Nxd4 cxd4 11.Qh5 Be6 12.Re1 g6 13.Qxd5 Qxd5 14.Bxd5 Kd7 15.Bxb7 Ra7
16.Bf3 Rc7 17.Bf4 Bd6 18.Bxd6 Kxd6 19.Bd1 f5 20.h3 Rb8 21.b3 a5 22.a4 Bd5
23.f4 Rbc8 24.Kf2 Re7 25.Rxe7 Kxe7 26.Ra2 Kd6 27.Bf3 Re8 28.Bxd5 Kxd5 29.Ra1 Rc8
30.Rc1 Rc3 31.Ke2 Kc5 32.Kd2 Kb4 33.Re1 Ka3 34.Kc1 Rc7 35.Re5 Kb4 36.Rb5+ Kc3
37.Rxa5 Re7 38.Re5 Rd7 39.Rc5+ Kb4 40.Rc4+ Ka5 41.Kb2  1-0

[Event "ch-Euro Rapid Women"]
[Site "Predeal ROM"]
[Date "2007.08.08"]
[Round "4"]
[White "Traistaru,T"]
[Black "Muzychuk,M"]
[Result "0-1"]
[WhiteElo "2137"]
[BlackElo "2330"]

1.e4 c5 2.Nc3 Nc6 3.Nf3 Nf6 4.Bb5 Qc7 5.O-O Nd4 6.Be2 Nxe2+ 7.Qxe2 e5 8.d3 d6
9.Bg5 Be7 10.Bxf6 Bxf6 11.Nd5 Qd8 12.c3 O-O 13.Nxf6+ Qxf6 14.Nd2 Be6 15.c4 Qg6
16.f4 exf4 17.Rxf4 Qg5 18.Rf2 Bg4 19.Nf3 Qe7 20.Qd2 Rab8 21.Qf4 Bxf3 22.Rxf3 Qe5
23.Qxe5 dxe5 24.a4 Rfd8 25.Kf2 Rd6 26.Ke2 Rb6 27.Ra2 Rd8 28.Rf5 f6 29.Kd2 Rb3
30.Rf3 Rd6 31.Kc2 Rb4 32.b3 Kf7 33.Rh3 h6 34.Rf3 Ra6 35.Kc3 Ra5 36.h4 h5
37.Raf2 a6 38.Rf5 Kg6 39.g4 hxg4 40.Rg2 b5 41.Rxg4+ Kh6 42.axb5 axb5 43.Rg2 bxc4
44.dxc4 Ra3 45.Rb2 Ra1 46.Rff2 Kh5 47.Rg2 Rb7 48.Rh2 Re1 49.Rbe2 Rxe2 50.Rxe2  0-1

[Event "ch-Euro Rapid Women"]
[Site "Predeal ROM"]
[Date "2007.08.08"]
[Round "5"]
[White "Muzychuk,A"]
[Black "Peptan,C"]
[Result "1-0"]
[WhiteElo "2456"]
[BlackElo "2411"]

1.e4 c5 2.Nc3 Nc6 3.Bb5 Nd4 4.Nf3 Nxb5 5.Nxb5 a6 6.Nc3 d6 7.d4 cxd4 8.Qxd4 Bg4
9.h3 Bxf3 10.gxf3 Nf6 11.Bg5 e6 12.O-O-O Be7 13.f4 O-O 14.Rhg1 Kh8 15.e5 dxe5
16.fxe5 Qxd4 17.Rxd4 Bc5 18.Rd2 Nd5 19.Nxd5 exd5 20.Rxd5 Bxf2 21.Rf1 Bg3
22.Rf3 Bh2 23.Be7 Rfe8 24.Rxf7 Kg8 25.e6 Rac8 26.Rd7 Be5 27.Bd6 Bf6 28.Be7 Be5
29.Rf5 Bc7 30.Ba3 g6 31.Rff7 Be5 32.Rde7 Rxe7 33.Rxe7 b6 34.c3 a5 35.Rb7 Bc7
36.Kd2 g5 37.Ke3 h5 38.Kf3 a4 39.Bb4 Be5 40.Rxb6 Kg7 41.e7 Kf7 42.Ra6 Rg8
43.Rxa4 g4+ 44.hxg4 hxg4+ 45.Kg2 g3 46.Ra7 Re8 47.Rd7 Ke6 48.Rd8  1-0

[Event "HZ Open"]
[Site "Vlissingen NED"]
[Date "2007.08.08"]
[Round "6"]
[White "Meinhardt,Ma"]
[Black "Tiviakov,S"]
[Result "0-1"]
[WhiteElo "2378"]
[BlackElo "2648"]

1.e4 c5 2.Nc3 Nc6 3.Bb5 Nd4 4.Bc4 e6 5.Nf3 Nf6 6.O-O Qc7 7.h3 a6 8.d3 b5
9.Bb3 Nc6 10.Re1 Bd6 11.Qe2 Ne5 12.Nxe5 Bxe5 13.Nd5 Nxd5 14.exd5 Bf6 15.Qh5 O-O
16.Re4 g6 17.Qe2 Bb7 18.Bf4 Qb6 19.c4 a5 20.Bh6 exd5 21.cxd5 a4 22.Bxf8 Kxf8
23.Bc2 Bxd5 24.Re3 a3 25.Re1 axb2 26.Re8+ Kg7 27.Bb3 Rxe8 28.Qxe8 c4 29.dxc4 bxc4
30.Bc2 Be6 31.a4 Qb4 32.Rf1 Qd2 33.Bb1 c3  0-1

[Event "Open"]
[Site "Dubna RUS"]
[Date "2007.08.09"]
[Round "10"]
[White "Veliev,G"]
[Black "Dzhangobegov,V"]
[Result "1-0"]
[WhiteElo "2241"]
[BlackElo "2143"]

1.e4 c5 2.Nf3 Nc6 3.Nc3 d6 4.d4 cxd4 5.Nxd4 Nf6 6.Bb5 Bd7 7.O-O e6 8.Be3 Qc7
9.f4 Be7 10.f5 e5 11.Nb3 a6 12.Be2 O-O 13.g4 h6 14.h4 d5 15.exd5 Nd4 16.Rf2 Nxe2+
17.Qxe2 Bb4 18.g5 Bxc3 19.gxf6 Bxb2 20.Rg2 Bxf5 21.Rxg7+ Kh8 22.Qh5  1-0

[Event "Open"]
[Site "Kavala GRE"]
[Date "2007.08.09"]
[Round "6"]
[White "Spasov,V"]
[Black "Papadopoulos,I"]
[Result "1/2-1/2"]
[WhiteElo "2583"]
[BlackElo "2395"]

1.e4 c5 2.Nf3 Nc6 3.Nc3 e5 4.Bc4 Be7 5.d3 d6 6.O-O Nf6 7.Ng5 O-O 8.f4 exf4
9.Bxf4 h6 10.Nf3 Be6 11.Nd5 Bxd5 12.Bxd5 Nxd5 13.exd5 Ne5 14.Bxe5 dxe5 15.c4 Bd6
16.g4 h5 17.Nd2 Qh4 18.Ne4 Be7 19.gxh5 f5 20.Ng3 Qg5 21.Kh1 Rf7 22.Qf3 Raf8
23.d6 e4 24.dxe4 fxe4 25.Qxe4 Bxd6 26.Rxf7 Rxf7 27.Qe8+ Bf8 28.Qe6 Qf6 29.Qxf6 Rxf6
30.Kg2 Rb6 31.b3 a5 32.Rb1 a4 33.Ne4 axb3 34.Rxb3 Re6 35.Kf3 b6 36.Ra3 Re5
37.Ng3 Re1 38.Rb3 Rc1 39.Rxb6 Rxc4 40.Ne4 Be7 41.Rb7 Kf8  1/2-1/2

[Event "ch-Euro Rapid Women"]
[Site "Predeal ROM"]
[Date "2007.08.09"]
[Round "8"]
[White "Traistaru,T"]
[Black "Videnova,I"]
[Result "1-0"]
[WhiteElo "2137"]
[BlackElo "2155"]

1.e4 c5 2.Nc3 Nc6 3.Nf3 g6 4.Bb5 Bg7 5.Bxc6 dxc6 6.d3 b6 7.O-O Nh6 8.h3 f6
9.e5 fxe5 10.Bxh6 Bxh6 11.Nxe5 Bf4 12.Re1 Qc7 13.Qe2 O-O 14.Ng4 h5 15.Ne5 Rf6
16.Nf3 Rf7 17.Ne4 e5 18.Neg5 Rf5 19.h4 Bd7 20.Qe4 Raf8 21.Qc4+ Kg7 22.Ne6+ Bxe6
23.Qxe6 R8f6 24.Qc4 Bh6 25.Qc3 Bf4 26.a4 a5 27.Re4 g5 28.hxg5 Bxg5 29.Rxe5 Bd2
30.Qxd2 Rxe5 31.Nxe5 Qxe5 32.Re1 Qxb2 33.Qg5+ Kf7 34.Qxh5+ Rg6 35.Qf5+ Rf6
36.Qh7+ Kf8 37.Qh8+ Kf7 38.Qe8+ Kg7 39.Re7+ Kh6 40.Qh8+ Kg5 41.Qg7+ Kf5 42.g4+ Kf4
43.Kg2  1-0

[Event "ch-Euro Rapid Women"]
[Site "Predeal ROM"]
[Date "2007.08.09"]
[Round "9"]
[White "Paulet,I"]
[Black "Sgircea,S"]
[Result "1-0"]
[WhiteElo "2241"]
[BlackElo "2132"]

1.e4 c5 2.Nc3 Nc6 3.Bb5 Nd4 4.Bc4 g6 5.Nf3 Bg7 6.Nxd4 cxd4 7.Qf3 e6 8.Nb5 d6
9.Qa3 Bf8 10.Nxd4 d5 11.Bb5+ Bd7 12.Qd3 dxe4 13.Qxe4 Bxb5 14.Nxb5 Qd7 15.Qe5 f6
16.Qe2 Ne7 17.O-O Bg7 18.Re1 e5 19.d4 a6 20.Na3 Qxd4 21.Be3 Qd7 22.Nc4 Qc6
23.Rad1 O-O 24.Rd6 Qb5 25.b3 Rad8 26.a4 Qe8 27.Rxd8 Qxd8 28.Rd1 Qc8 29.Nb6 Qc7
30.Rd7 Qc3 31.Rxe7  1-0

[Event "ch-AUT w"]
[Site "Tweng AUT"]
[Date "2007.08.09"]
[Round "6"]
[White "Kopinits,A"]
[Black "Horvath,Maria AUT"]
[Result "1/2-1/2"]
[WhiteElo "2152"]
[BlackElo "2004"]

1.e4 c5 2.Nf3 Nc6 3.Nc3 g6 4.d4 cxd4 5.Nxd4 Bg7 6.Nb3 d6 7.Be2 Nf6 8.O-O O-O
9.Kh1 Bd7 10.f4 Rc8 11.Be3 Na5 12.Bxa7 Nxb3 13.axb3 Rxc3 14.bxc3 Nxe4 15.Bd4 Nxc3
16.Bxc3 Bxc3 17.Ra2 Qb6 18.Bd3 e6 19.Be4 d5 20.Bd3 Bc6 21.Qg4 Qd4 22.Qe2 Qb4
23.Rf3 Re8 24.Qf1 Qc5  1/2-1/2

[Event "HZ Open"]
[Site "Vlissingen NED"]
[Date "2007.08.09"]
[Round "7"]
[White "Tiviakov,S"]
[Black "Caruana,F"]
[Result "1-0"]
[WhiteElo "2648"]
[BlackElo "2549"]

1.e4 c5 2.Nc3 Nc6 3.Bb5 Nd4 4.Nf3 e6 5.O-O a6 6.Bd3 Nc6 7.Re1 d6 8.Bf1 Nf6
9.d4 cxd4 10.Nxd4 Qc7 11.Nxc6 bxc6 12.Na4 c5 13.Bf4 Qc6 14.Nc3 Bb7 15.e5 dxe5
16.Bxe5 Be7 17.Qd3 Rd8 18.Qh3 h5 19.Be2 Rh6 20.Bf3 Qc8 21.Rad1 Rxd1 22.Rxd1 Qa8
23.Bxb7 Qxb7 24.Bxf6 gxf6 25.Qd3 Rg6 26.f3 Kf8 27.b3 Kg8 28.Qe4 Qb4 29.Qa8+ Kg7
30.Ne4 c4 31.Qxa6 cxb3 32.axb3 h4 33.Qe2 Qb8 34.Qd2 Qe5 35.Qc3 Qh5 36.Rd7 Ba3
37.Qc7 Qh6 38.Kf2 Qc1 39.Rxf7+ Kg8 40.Rd7 f5 41.Rd8+ Bf8 42.Qc8 Qh6 43.Nd2 Kh7
44.Rd7+ Bg7 45.Nf1 f4 46.Qd8 Qh5 47.Qe7 Qf5 48.Rd3 Qh5 49.h3 Rg5 50.Qxe6 Re5
51.Qg4 Qh6 52.Kg1 Rg5 53.Qd7 Qb6+ 54.Kh1 Qf2 55.Rd2 Qxf1+ 56.Kh2 Qe1 57.Qd3+ Kh6
58.Re2 Qg3+ 59.Kh1 Rg6 60.b4 Bf8 61.Qc3 Bg7 62.Qd3 Bf8 63.c3 Rd6 64.Qc2 Qg6
65.Qc1 Qf5 66.Re4 Rf6 67.Qd2 Kg6 68.c4 Rd6 69.Qe1 Qg5 70.c5 Rd5 71.Re8 Bg7
72.Qe6+ Kh5 73.Qf7+  1-0

[Event "Open"]
[Site "Callao PER"]
[Date "2007.08.10"]
[Round "3"]
[White "Rodriguez Vila,A"]
[Black "Zapata,K"]
[Result "1-0"]
[WhiteElo "2547"]
[BlackElo "1885"]

1.e4 c5 2.Nc3 Nc6 3.Nge2 g6 4.d4 cxd4 5.Nxd4 Bg7 6.Nb3 d6 7.Bd3 Nf6 8.O-O O-O
9.f4 a6 10.Qf3 Bd7 11.h3 b5 12.Be3 Nb4 13.g4 Bc6 14.g5 Nd7 15.h4 Nxd3 16.cxd3 b4
17.Ne2 Rc8 18.h5 Nc5 19.Rad1 Nxb3 20.axb3 Qd7 21.Nd4 f5 22.gxf6 Rxf6 23.Rd2 e5
24.Nxc6 Rxc6 25.f5 gxf5 26.exf5 h6  1-0

[Event "KRK WGM"]
[Site "Dobrinj CRO"]
[Date "2007.08.10"]
[Round "8"]
[White "Solic,K"]
[Black "Kashlinskaya,A"]
[Result "0-1"]
[WhiteElo "2154"]
[BlackElo "2201"]

1.e4 c5 2.Nc3 Nc6 3.Nf3 e5 4.Bc4 d6 5.d3 Be7 6.O-O Nf6 7.Ng5 O-O 8.f4 Bg4
9.Qe1 h6 10.Nf3 Bxf3 11.gxf3 Nh5 12.f5 Nd4 13.Qf2 Bg5 14.Kh1 Bxc1 15.Raxc1 Nf4
16.Nd5 Nde2 17.Nxf4 Nxf4 18.Qd2 Kh7 19.b4 b6 20.a4 g6 21.fxg6+ fxg6 22.a5 Qh4
23.Rb1 g5 24.bxc5 bxc5 25.Rb7+ Kh8 26.Qe1 Qh3 27.Qf2 Rf6 28.Rfb1 Nh5 29.Rf7 Rxf7
30.Bxf7 Rf8 31.Rb7 Nf4 32.Bc4 g4 33.fxg4 Qxg4 34.Rb1 Qg7 35.Qg3 Qf6 36.Qg4 h5
37.Qd7 d5 38.exd5 Nxd3 39.d6 Nf2+ 40.Kg1 Qg6+  0-1

[Event "Open"]
[Site "Dubna RUS"]
[Date "2007.08.10"]
[Round "11"]
[White "Pospelov,S"]
[Black "Pugachov,V"]
[Result "0-1"]
[WhiteElo "2078"]
[BlackElo "2074"]

1.e4 c5 2.Nc3 Nc6 3.Bb5 g6 4.Bxc6 bxc6 5.f4 Bg7 6.Nf3 Nf6 7.O-O O-O 8.d3 d6
9.h3 Ne8 10.Be3 a5 11.Qd2 a4 12.a3 Qa5 13.Rab1 Nc7 14.d4 cxd4 15.Bxd4 f6
16.Qf2 c5 17.Be3 e6 18.Rfd1 Ra6 19.h4 Rc6 20.Qg3 f5 21.Bd2 Qa7 22.h5 gxh5
23.exf5 exf5 24.Re1 Kh8 25.Qg5 Be6 26.Qxh5 Bg8 27.Ng5 Bd4+ 28.Kh2 d5 29.Re7 Bg7
30.Kg3 Rh6 31.Qf3 Qb6 32.Nxa4 Qd6 33.Re2 d4 34.c4 Bxc4 35.Ree1 Bd5 36.Qd1 Bf6
37.Kf2 Bxg5 38.fxg5 Rh2 39.Rg1 f4 40.Qg4 f3 41.g6 fxg2+ 42.Ke1 Qe5+  0-1